| 000 | 005060000a22001570004500 | ||
|---|---|---|---|
| 090 |
_aAR _b00727 |
||
| 245 | 1 | 0 | _aPrediction of neotropical tree and liana species richness from soil and climatic data |
| 650 | 1 | 4 |
_aBosques tropicales _992765 |
| 650 | 1 | 4 |
_aRiqueza de especies _93326 |
| 650 | 1 | 4 |
_aSuelos _9287 |
| 651 | 4 |
_lCordillera de los Andes _992749 |
|
| 041 | 0 | _aInglés | |
| 100 | 1 |
_aClinebell II, Richard R. _993900 |
|
| 942 | _cARTICULO | ||
| 773 | 1 |
_tBiodiversity and Conservation _379 _h4 _q56-90 _d1995 _g4 |
|
| 999 |
_c9818 _d9818 |
||